Sleeping Beauty ; illustrated by Gavin Rowe

Bibliographic Details
Other Authors: Gavin Rowe (Illustrator)
Format: Book
Published: USA : Ladybird Books LTD , 1994
Series:Favourite tales
Subjects:

MARC

LEADER 00000cam a2200000 7i4500
001 0000008251
005 20071008.0
020 |a 0721416918 
090 0 0 |a JF   |b FAV 
245 0 0 |a Sleeping Beauty ; illustrated by Gavin Rowe 
260 |a USA :   |b Ladybird Books LTD ,   |c 1994 
300 |b p.v. :   |b ill. ;   |c 18cm. 
490 0 |a Favourite tales 
650 0 0 |a Children's stories 
700 1 |a Gavin Rowe ,   |e ill 
999 |a 052343   |b BUKU   |c PINJAMAN   |e PERPUSTAKAAN KOMUNITI CAW KOTA DAMANSARA 
999 |a 052344   |b BUKU   |c PINJAMAN   |e PERPUSTAKAAN KOMUNITI CAW KOTA DAMANSARA 
999 |a 052345   |b BUKU   |c PINJAMAN   |e MOBILE LIBRARY PKPJ 
999 |a 055532   |b BUKU   |c PINJAMAN   |e PERPUSTAKAAN KOMUNITI CAW TAMAN MEDAN 
999 |a 055581   |b BUKU   |c PINJAMAN   |e PERPUSTAKAAN KOMUNITI CAW BANDAR UTAMA 
999 |a 124239   |b BUKU   |c PINJAMAN   |e PERPUSTAKAAN KOMUNITI PETALING JAYA 
999 |a 124240   |b BUKU   |c PINJAMAN   |e PERPUSTAKAAN KOMUNITI CAW BANDAR UTAMA 
999 |a 124241   |b BUKU   |c PINJAMAN   |e PERPUSTAKAAN KOMUNITI PETALING JAYA